Statistics for Dictators by Number of people they killed

Click here to take the quiz!

General Stats

  • This quiz has been taken 96 times
  • The average score is 5 of 10

Answer Stats

NumberDictator% Correct
17 millionHitler
99%
23 millionStalin
99%
78 millionMao
86%
1.7 millionPol Pot
73%
1.6 millionKim
46%
15 millionLeopold II
29%
5 millionTojo
16%
2.5 millionPasha
10%
1.5 millionHaile Mariam
5%
1.1 millionGowon
3%

Score Distribution

Percentile by Number Answered

Percent of People with Each Score

Your Score History

You have not taken this quiz